<?xml version="1.0" encoding="UTF-8"?>
<marc:record xmlns:marc="http://www.loc.gov/MARC21/slim">
   <marc:leader>00000nam a2200000 a 4500</marc:leader>
   <marc:datafield ind1="1" ind2=" " tag="100">
      <marc:subfield code="a">Dambeck, Holger</marc:subfield>
      <marc:subfield code="4">aut</marc:subfield>
      <marc:subfield code="e">Verfasser/-in</marc:subfield>
   </marc:datafield>
   <marc:datafield ind1=" " ind2=" " tag="653">
      <marc:subfield code="a">Mathematik</marc:subfield>
   </marc:datafield>
   <marc:datafield ind1=" " ind2=" " tag="653">
      <marc:subfield code="a">Alltag</marc:subfield>
   </marc:datafield>
   <marc:datafield ind1=" " ind2=" " tag="653">
      <marc:subfield code="a">Unterhaltungsmathematik</marc:subfield>
   </marc:datafield>
   <marc:datafield ind1=" " ind2=" " tag="653">
      <marc:subfield code="a">Nachschlagewerke/Listenbücher</marc:subfield>
   </marc:datafield>
   <marc:datafield ind1=" " ind2=" " tag="653">
      <marc:subfield code="a">Aufgabensammlung</marc:subfield>
   </marc:datafield>
   <marc:datafield ind1="0" ind2="0" tag="245">
      <marc:subfield code="a">Nullen machen Einsen groß</marc:subfield>
   </marc:datafield>
   <marc:datafield ind1="0" ind2="0" tag="245">
      <marc:subfield code="b">Mathe-Tricks für alle Lebenslagen</marc:subfield>
   </marc:datafield>
   <marc:datafield ind1="0" ind2="0" tag="245">
      <marc:subfield code="c">Holger Dambeck</marc:subfield>
   </marc:datafield>
   <marc:datafield ind1=" " ind2="1" tag="264">
      <marc:subfield code="a">Köln</marc:subfield>
      <marc:subfield code="b">Kiepenheuer &amp; Witsch</marc:subfield>
      <marc:subfield code="c">2013</marc:subfield>
   </marc:datafield>
   <marc:datafield ind1="1" ind2=" " tag="490">
      <marc:subfield code="a">KiWi</marc:subfield>
      <marc:subfield code="v">1324 : Paperback</marc:subfield>
   </marc:datafield>
   <marc:datafield ind1=" " ind2=" " tag="250">
      <marc:subfield code="a">1. Aufl.</marc:subfield>
   </marc:datafield>
   <marc:datafield ind1="1" ind2=" " tag="520">
      <marc:subfield code="a">Angaben aus der Verlagsmeldung

Nullen machen Einsen groß : Mathe-Tricks für alle Lebenslagen / von Holger Dambeck

Sagt die 0 zur 8: »Hey, cooler Gürtel!« Mit Mathe leichter durch den Alltag
Lässt sich ein Stück Torte gerecht dritteln? Wie zeichnet man ein Ei und eine Ellipse? Und gibt es Schnürsenkelknoten, die wirklich halten?
Ob wir wollen oder nicht, Mathematik begegnet uns im Alltag immer wieder. Doch das einst in der Schule Gelernte hilft uns oft nicht weiter - oder wir haben es längst vergessen. Bei absurd unpraktischen Dingen wie der Mengenlehre ist das auch gut so. In anderen Fällen jedoch kann Mathematik verblüffend hilfreich sein.
In diesem Buch verrät Holger Dambeck praktische Mathe-Tipps und -Tricks für alle Lebenslagen. Ob Schlange stehen, einparken, Telefonnummern merken, 65 im Kopf quadrieren, Krawatten binden oder Kunststücke mit Zirkel und Lineal vollführen - mit pfiffigen mathematischen Ideen kommen Sie leichter durch den Alltag!
Keine Angst: Hier werden weder stupide Formeln gebüffelt noch stumpf Kurven diskutiert. Mathe heißt bei Holger Dambeck: Spaß am Nachdenken und beim Finden genialer Lösungen.
</marc:subfield>
   </marc:datafield>
   <marc:datafield ind1=" " ind2=" " tag="020">
      <marc:subfield code="a">9783462045116</marc:subfield>
      <marc:subfield code="9">9783462045116</marc:subfield>
   </marc:datafield>
   <marc:datafield ind1=" " ind2=" " tag="020">
      <marc:subfield code="a">3462045113</marc:subfield>
      <marc:subfield code="9">3462045113</marc:subfield>
   </marc:datafield>
   <marc:datafield ind1=" " ind2=" " tag="041">
      <marc:subfield code="a">ger</marc:subfield>
   </marc:datafield>
   <marc:datafield ind1=" " ind2=" " tag="300">
      <marc:subfield code="a">282 S.</marc:subfield>
   </marc:datafield>
</marc:record>
